MDQL
is popping MORE tags! Check the
thread
!
Quizzes
Events
Quiz Creation
Community
Videos
Private Events
Remove Ads
Sign In
Join for FREE
Feedback
Dark Mode
Quiz Categories
Sports
Geography
Music
Movies
Television
Just For Fun
Miscellaneous
History
Literature
Language
Science
Gaming
Entertainment
Religion
Holiday
For Kids
Quiz Lab
Recent
Popular Today
Quiz Kudos Today
Editor Picks
Curator Picks
Quizzes by...
Day
Popularity
Type
Ratings
Length
Year
Community
Subscriptions
Recent Discussions
Orange Saloon
Badges
Playlists
Quests
Create
Leaderboards
Showdown
Live 5
Trivia Bingo
Activity
Puzzle Library
Sporcle Events
Private Events
Virtual Trivia
Globe League
Become a Host
Pub Owners
SporcleCon
Opinionation
Our Games
Videos
Blog
Mobile Apps
Partnerships
Remove Ads and Go Orange
Feedback
Miscellaneous
Crossword
General Knowledge
Baby Names
Logo
Food
Cars
Numbers
Grab Bag
University
College
Popular
Company
Slogans
Restaurants
Justice
Letter
Miscellaneous
Crossword
General Knowledge
Baby Names
Logo
Food
Cars
Numbers
Grab Bag
University
College
Popular
Company
Slogans
Restaurants
Justice
Letter
Random Quiz
Search Sporcle
×
Quiz Lab
Quiz Lab
Miscellaneous
scramble
Type in answers that appear in a list
Type in answers that appear in a list
Classic
Best Score? Go Orange.
History: A-Z Scramble Stats
Can you name the History Scramble?
By
BobyBobbison
4m
26 Questions
62 Plays
62 Plays
62 Plays
Comments
Comments
Give Quiz Kudos
Give Quiz Kudos
-
- Ratings
hide this ad
Replay
Link that replays current quiz
Next Quiz
Link to next quiz in quiz playlist
You Got
0%
They Got
Avg Score
64%
Avg Friend Score
Upgrade to see
Score Distribution
Jump to the score distribution portion of the page
Score
0/26
Timer
04:00
0
Plays Today
Scrambled Word
Word
% Correct
A: DMAA
Adam
96.8%
I: NACI
Inca
85.5%
S: TS OULIS
St. louis
85.5%
G: RNGTA
Grant
82.3%
N: WEN LROAENS
New Orleans
82.3%
E: IENTISEN
Einstein
79%
V: TENIVAM RWA
Vietnam War
79%
W: SCWONSIN
Wisconsin
79%
Z: IPZ DECOS
Zip Codes
79%
F: RFNKILAN OSEEORLTV
Franklin Roosevelt
75.8%
U: GUANAD
Uganda
75.8%
Y: ELOYLWTOSNE APRK
Yellowstone Park
74.2%
H: RLUCEHES
Hercules
71%
Scrambled Word
Word
% Correct
K: AMAKIKEZ
Kamikaze
71%
J: PHESJO LISTAN
Joseph Stalin
67.7%
O: TONOMAT MPERIE
Ottoman Empire
67.7%
X: AIVERX
Xavier
67.7%
D: MINIDACON PLEBUICR
Dominican Republic
64.5%
C: RTREAC
Carter
54.8%
L: YLMBAORD
Lombardy
48.4%
R: ARPEHLA
Raphael
43.5%
B: BOBICUN LEGAPU
Bubonic Plague
37.1%
P: OEHPENCAINIS
Phoenicians
29%
M: YAMAN LANDERC
Mayan Calender
27.4%
Q: ISLUQNGI
Quisling
24.2%
T: SESELALAHAT LOFRAD
Tallahassee, Florda
17.7%
Quiz Playlist
Details
Report
Send in Message
Add To Playlist
Classic:
Type in answers that appear in a list
Last Updated: Feb 16, 2017
Quiz Scoreboard
CHALLENGE
Sign Up to Join the Scoreboard
Show All
Scores
Hide
Comments
May contain spoilers
Recently Published
1-10 Letter E Words III
by El_Dandy
Language
2m
Street Fighter Characters
by Artimus82
Gaming
60s
College Basketball Coaching Resumes
by pancakes188
Sports
9m
More to Explore
Quiz From the Vault
Featured Blog Post
Where Did the Easter Bunny Come From?
hide this ad
You Might Also Like...
Tags
A-Z
date
scramble
Today's Top Quizzes in Miscellaneous
Browse Miscellaneous
hide this ad
Today's Top Quizzes in scramble
Browse scramble
Top Contributed Quizzes in Miscellaneous
1
5-to-1: Fast Food
2
The JOE quick-fire general knowledge quiz: Day 174
3
The JOE quick-fire general knowledge quiz: Day 173
4
5-to-1: Cocktails
5
The JOE quick-fire general knowledge quiz: Day 172
6
9x9 Crossword: Disney Movie Titles
7
9x9 Crossword: Charlie and the Chocolate Factory
8
Sunday Crossword: Famous Bodies of Water
9
9x9 Crossword: Flags
10
The JOE quick-fire general knowledge quiz: Day 171
Explore More
Trending Topics
Disney
Marvel
Anime
NBA
Harry Potter
Kpop
Crossword
WWE
NFL
Puzzle
The Office
Soccer
Country
Pokémon
Song
hide this ad
More By:
BobyBobbison
Quiz
Plays
Rating
Category
Featured
Created
Halo 4: The Information we already know.
675
1.57
Gaming
May 8, 2012
The Hobbit from beginning to end
621
2.25
Literature
Mar 28, 2012
lotr- The fellow ship of The ring- full story
337
1.09
Literature
Apr 27, 2012
History: A-Z Scramble
62
1.20
Miscellaneous
May 21, 2012
Memorize or be vaporized
53
Just For Fun
May 9, 2012
Go to Creator's Profile
Score Distribution
Quiz Creator Spotlight
BobyBobbison
Follow
Send a Message
Quizzes Created
-
Created Quiz Play Count
-
More By This Creator
Popular Quizzes Today
1
Find the US States - No Outlines Minefield
2
Find the Countries of Europe - No Outlines Minefield
3
The Countries of the World
4
Find the US States
5
Risky Map Clicking: Biggest States A-Z
6
US States
7
Popular People in 1961
8
Movies - When Are They Set?
More Miscellaneous Quizzes
'H' Things In 'H' Letters
Published
Trending Quizzes
Risky Map Clicking: Least Populous States A-Z
1-10 Letter G Words
1-10 Letter F Words
Countries of the World: 200 Million BC
Risky Map Clicking: Next State Alphabetically
Recently Updated
Most Oscar Losses (Acting)
pecheneg
Beyoncé Albums
pecheneg
Leaping Animals
pecheneg
Reality TV Shows (A-Z)
bhenderson79
Rickey Henderson's Hall of Fame Teammates
pecheneg
Champions League XIs: Arsenal
pecheneg
Quick Pick: Celebrities in WWE's Hall of Fame
aduchscher
A-Z Keypad Blitz II
pecheneg
Multiple Oscar Actors
pecheneg
Mystery Phrase Blitz: Oscar 'Best Actors'
pecheneg
Trending Topics
Kpop
Disney
Harry Potter
NBA
Marvel
Crossword
Anime
WWE
NFL
Song
Soccer
The Office
Country
Pokémon
Puzzle
Your Account Isn't Verified!
In order to create a playlist on Sporcle, you need to verify the email address you used during registration. Go to your
Sporcle Settings
to finish the process.
Report this User
Report this user for behavior that violates our
Community Guidelines
.
Details:
Send Report
Go to the Sporcle.com Mobile Site →
Comments